000 00341nam a2200121Ia 4500
008 220620s9999||||xx |||||||||||||| ||und||
100 _aMerete Lund Fasting
245 0 _aPlaying Outdoors
546 _aEnglish[eng]
650 _aplay||primary school||kindergarten||education
856 _uhttps://www.idunn.no/playing_outdoors
942 _cEB
999 _c26429
_d26429